Találgatnak a kórházról a rehabilitáció és az idősgondozás lenne a deszki intézmény feladata /
Elmentve itt :
| Szerző: | |
|---|---|
| Dokumentumtípus: | Cikk |
| Megjelent: |
2006-08-07
|
| Sorozat: | Délmagyarország
96 No. 183 |
| Kulcsszavak: | Deszk, Egészségügy kórház Deszk, Betegellátás, Mellkasi Betegségek Szakkórháza (Deszk) |
| Online Access: | http://dmarchiv.bibl.u-szeged.hu/136683 |
| LEADER | 00608nab a2200157 i 4500 | ||
|---|---|---|---|
| 001 | delm136683 | ||
| 005 | 20191212125150.0 | ||
| 008 | 191212s2006 hu o 0|| hun d | ||
| 040 | |a SZTE Délmagyarország Archívum |b hun | ||
| 041 | |a hun | ||
| 100 | 1 | |a Nyemcsok Éva | |
| 245 | 1 | 0 | |a Találgatnak a kórházról |h [elektronikus dokumentum] : |b a rehabilitáció és az idősgondozás lenne a deszki intézmény feladata / |c Nyemcsok Éva |
| 260 | |c 2006-08-07 | ||
| 300 | |a 3 | ||
| 490 | 0 | |a Délmagyarország |v 96 No. 183 | |
| 695 | |a Deszk, Egészségügy kórház Deszk, Betegellátás, Mellkasi Betegségek Szakkórháza (Deszk) | ||